Dreier Paare - Statistiken

Allgemein
  • Dieses Quiz wurde 555 mal gespielt
  • Das Durchschnittsergebnis liegt bei 13 aus 14
Antwortstatistiken
Hint Antwort % Korrekt
eins, zwei Drei
100%
er, sie es
100%
Tick, Trick Track
99%
A, B C
98%
der, die das
98%
Lettland, Litauen Estland
96%
gasförmig, flüssig fest
96%
Vater, Mutter Kind
96%
schwarz, rot gold
95%
Gold, Silber Bronze
93%
veni, Vidi Vici
90%
Exekutive, Judikative Legislative
88%
Ron, Harry Hermine
87%
Protonen, Neutronen Elektronen
80%
Keine übereinstimmenden Quizze gefunden
Verteilung der Resultate
Anzahl Personen mit jedem Resultat
Perzentil nach korrekt beantworteten Fragen
Ihre Resultats-Entwicklung
Sie haben dieses Quiz noch nicht gespielt